Tham khảo biên dịch văn hóa Việt Nam: Thi cử nho giáo = Frequently asked questions about Vietnamese culture: Royal Exams

Giới thiệu những nết đặc trưng, cơ bản của việc thi cử Nho giáo ngày xưa ở Việt Nam. Một số sĩ tử nổi tiếng thời đó. Những kế thừa trong truyền thống học tập đã đóng góp vào công cuộc cải cách kinh - xã hội Việt Nam....

সম্পূর্ণ বিবরণ

সংরক্ষণ করুন:
গ্রন্থ-পঞ্জীর বিবরন
প্রধান লেখক: Hữu Ngọc
বিন্যাস: গ্রন্থ
ভাষা:Undetermined
প্রকাশিত: Hà Nội Thế giới 2006
বিষয়গুলি:
ট্যাগগুলো: ট্যাগ যুক্ত করুন
কোনো ট্যাগ নেই, প্রথমজন হিসাবে ট্যাগ করুন!
Thư viện lưu trữ: Trung tâm Học liệu Trường Đại học Cần Thơ
LEADER 01096nam a2200241Ia 4500
001 CTU_133404
008 210402s9999 xx 000 0 und d
020 |c 9500 
082 |a 370.9597 
082 |b H566 
100 |a Hữu Ngọc 
245 0 |a Tham khảo biên dịch văn hóa Việt Nam: Thi cử nho giáo = 
245 0 |b Frequently asked questions about Vietnamese culture: Royal Exams 
245 0 |c Hữu Ngọc, Lady Borton 
260 |a Hà Nội 
260 |b Thế giới 
260 |c 2006 
520 |a Giới thiệu những nết đặc trưng, cơ bản của việc thi cử Nho giáo ngày xưa ở Việt Nam. Một số sĩ tử nổi tiếng thời đó. Những kế thừa trong truyền thống học tập đã đóng góp vào công cuộc cải cách kinh - xã hội Việt Nam. 
650 |a Education,Giáo dục 
650 |x History,Lịch sử 
650 |z Vietnam,Việt Nam 
904 |i Trọng Hải 
980 |a Trung tâm Học liệu Trường Đại học Cần Thơ